Statistics for 5 Biggest Country per Continent

Click here to take the quiz!

General Stats

  • This quiz has been taken 41 times
  • The average score is 26 of 30

Answer Stats

HintAnswer% Correct
9.9m kmCanada
100%
9.3m kmChina
100%
16.3m kmRussia
100%
3.9m kmRussia
100%
9.6m kmUSA
100%
5.8m kmBrazil
97%
551k kmFrance
97%
1.9m kmMexico
97%
603k kmUkraine
97%
2.9m kmIndia
95%
498k kmSpain
95%
2.3m kmAlgeria
92%
2.7m kmArgentina
92%
7.6m kmAustralia
92%
268k kmNew Zealand
89%
1.1m kmColombia
86%
2.3m kmD. R. Congo
86%
2.6m kmKazakhstan
86%
1.2m kmPeru
86%
112k kmHonduras
81%
1.8m kmSudan
81%
1.2m kmChad
78%
130k kmNicaragua
78%
462k kmPapua New Guinea
78%
1m kmBolivia
76%
1.7m kmLibya
76%
2.1m kmSaudi Arabia
76%
450k kmSweden
76%
18k kmFiji
70%
28k kmSolomon Islands
65%

Score Distribution

Percentile by Number Answered

Percent of People with Each Score

Your Score History

You have not taken this quiz